| 000 | 00515nam a2200205Ia 4500 | ||
|---|---|---|---|
| 001 | b68-23326 [2135] | ||
| 003 | IT-MiCISF | ||
| 008 | 161014s9999||||xx |||||||||||||| ||und|| | ||
| 040 |
_aIT-MiCISF _cIT-MiCISF |
||
| 041 | _ait | ||
| 100 | _aMaritain Jacques | ||
| 245 | 0 | _aL'educazione al bivio | |
| 250 | _a1a ed. | ||
| 260 |
_aBrescia _bLa Scuola _c1963 |
||
| 300 | _app. 165 | ||
| 500 | _a / educazione, pedagogia, valori, scuola / | ||
| 650 | _aeducazione | ||
| 942 | _cBK | ||
| 957 | _71 | ||
| 999 |
_a23326 _bsi _g1 _c210181 _d210181 |
||